<?xml version="1.0" encoding="UTF-8"?>
<resp>
  <nextPage>https://data.bn.org.pl/api/networks/bibs.marcxml?marc=001+b00001150002616&amp;sinceId=1150002617</nextPage>
  <collection>
    <record xmlns='http://www.loc.gov/MARC21/slim'><leader>01092namZa2200313ZiZ4500</leader><controlfield tag='001'>b00001150002616</controlfield><controlfield tag='005'>20251217085151.7</controlfield><controlfield tag='008'>230609s        pl           |000 0 pol c</controlfield><controlfield tag='009'>9913261929905606</controlfield><datafield ind1=' ' ind2=' ' tag='035'><subfield code='a'>KR_1KR_1_20120317230008063547-48omnis_kr</subfield></datafield><datafield ind1=' ' ind2=' ' tag='035'><subfield code='a'>KR_1_20120317230008063547</subfield><subfield code='9'>ExL</subfield></datafield><datafield ind1=' ' ind2=' ' tag='035'><subfield code='a'>(PL)b00001150002616</subfield></datafield><datafield ind1=' ' ind2=' ' tag='040'><subfield code='a'>KR_1</subfield><subfield code='c'>KR_1</subfield></datafield><datafield ind1='0' ind2=' ' tag='041'><subfield code='a'>pol</subfield></datafield><datafield ind1='0' ind2='0' tag='245'><subfield code='a'>Przedmedyczne zabiegi ratujące życie /</subfield><subfield code='c'>oprac. kursu Krystian Gruba, Marek Siuta, Bogusława Zajączkowska.</subfield><subfield code='h'>[Dok. audiowiz.].</subfield></datafield><datafield ind1=' ' ind2=' ' tag='260'><subfield code='a'>Kraków :</subfield><subfield code='b'>Dom Wydawniczy &quot;Rafael&quot;,</subfield><subfield code='c'>[2007].</subfield></datafield><datafield ind1=' ' ind2=' ' tag='300'><subfield code='a'>1 płyta [DVD] ;</subfield><subfield code='c'>12 cm.</subfield></datafield><datafield ind1='1' ind2=' ' tag='490'><subfield code='a'>Pierwsza Pomoc : prezentacja multimedialna</subfield></datafield><datafield ind1=' ' ind2=' ' tag='500'><subfield code='a'>a</subfield></datafield><datafield ind1=' ' ind2='9' tag='650'><subfield code='a'>Ratownictwo medyczne</subfield><subfield code='v'>poradnik</subfield></datafield><datafield ind1='1' ind2=' ' tag='700'><subfield code='a'>Gruba, Krystian.</subfield><subfield code='e'>Opracowanie</subfield></datafield><datafield ind1='1' ind2=' ' tag='700'><subfield code='a'>Siuta, Marek</subfield><subfield code='e'>Opracowanie</subfield></datafield><datafield ind1='1' ind2=' ' tag='700'><subfield code='a'>Zajączkowska, Bogusława.</subfield><subfield code='e'>Opracowanie</subfield></datafield><datafield ind1=' ' ind2=' ' tag='852'><subfield code='b'>48OMNIS_NETWORK</subfield><subfield code='8'>9913261929905606</subfield></datafield><datafield ind1=' ' ind2=' ' tag='852'><subfield code='b'>48OMNIS_KR</subfield><subfield code='8'>991000026149708216</subfield></datafield></record>
  </collection>
</resp>
